000 00676pam a2200193 a 4500
020 _a0412253402 (pbk.)
082 0 0 _a519.502462
_bCHA
100 1 _aChatfield, Christopher.
_939490
245 1 0 _aStatistics for technology :
_ba course in applied statistics /
_cChristopher Chatfield.
250 _a3rd ed.
260 _aLondon ;
_aNew York :
_bChapman and Hall,
_c1983.
300 _a381 p. :
_bill. ;
_c21 cm.
526 _a0
_b0
_c0
_d519_502462000000000_CHA
650 0 _aEngineering
_xStatistical methods.
_9129
650 0 _aMCE
_9379
700 _aChristopher Chatfield
_939491
856 4 2 _uhttp://www.loc.gov/catdir/enhancements/fy0744/83002108-d.html
942 _2ddc
_cBK
999 _c543973
_d543973